Don Fernando el Emplazado (Record no. 152709)

MARC details
000 -LEADER
campo de control de longitud fija 00627nam a22001695i 4500
001 - NÚMERO DE CONTROL
campo de control 152709
003 - IDENTIFICADOR DE NÚMERO DE CONTROL
campo de control ES-MaACL
005 - FECHA Y HORA DE LA ÚLTIMA TRANSACCIÓN
campo de control 20230911063143.0
008 - DATOS DE LONGITUD FIJA--INFORMACIÓN GENERAL
campo de control de longitud fija 980227s1837 sp |||| | spa d
040 ## - FUENTE DE CATALOGACIÓN
Centro catalogador/agencia de origen LR
Lengua de catalogación spa
Centro/agencia transcriptor LR
100 1# - ENTRADA PRINCIPAL--NOMBRE DE PERSONA
Nombre de persona Bretón de los Herreros, Manuel,
Fechas asociadas al nombre 1796-1873
9 (RLIN) 31637
245 10 - MENCIÓN DEL TÍTULO
Título Don Fernando el Emplazado
Resto del título : drama histórico en cinco actos /
Mención de responsabilidad, etc. por Manuel Bretón de los Herreros.
260 ## - PUBLICACIÓN, DISTRIBUCIÓN, ETC.
Lugar de publicación, distribución, etc. Madrid :
Nombre del editor, distribuidor, etc. [s.n.],
Fecha de publicación, distribución, etc. 1837 (
Fabricante Imprenta de José María Repullés)
300 ## - DESCRIPCIÓN FÍSICA
Extensión 96 p. ;
Dimensiones 18 cm.
852 ## - LOCALIZACIÓN
Ubicación ES-MaACL
Número de control de estantería F-8822(2)
Nota libre -- Enc. hol., falto de la cub. original
Holdings
Estatus retirado Estado de pérdida Estado de daño No para préstamo Colección Biblioteca de origen Biblioteca actual Ubicación en estantería Fecha de adquisición Fuente de adquisición Total de préstamos Signatura topográfica completa Código de barras Visto por última vez Precio de reemplazo Tipo de ítem Koha
        Libros del s. XIX Biblioteca del Ateneo de Madrid Biblioteca del Ateneo de Madrid Sala Pecera Planta 2 17/01/2008     F-8822(2) 1159480 23/02/2023 23/02/2023 Libro impreso antiguo